| 000 | 00479cam a2200169 4500 | ||
|---|---|---|---|
| 001 | D11748 | ||
| 008 | 090401t1980 xxu||||| |||| 00| 0 eng d | ||
| 035 | _a(Sirsi) u99478 | ||
| 041 | _aeng | ||
| 100 | _aWatson, R.B. | ||
| 245 | _aIntroduction to industrial engineering | ||
| 260 | _c1980 | ||
| 350 | _a0 | ||
| 520 | _aIn RICS. Quantity Surveyors` Division. Industrial engineering. One-day seminar, Monday 17th November 1980. 1980/79 A | ||
| 942 | _n0 | ||
| 948 | _c04/03/1997 | ||
| 999 |
_c99351 _d99351 |
||